000 01341nam0a22002891 4500
001 rc\3049312
005 20250806202256.0
035 _a(NLR Aleph) 007188912
090 _a45835
_c45835
100 _a20111010d1945 u y0rusy50 ca
101 0 _arus
102 _aRU
105 _ay z |||||
200 1 _a1. Термический способ обогащения каолинов
_a2. Новый способ выплавки силумина
_fКовшиков П.К.
_gНКЦМ-СССР. III Всесоюз. производственно-техн. конференция по легким сплавам. Уральск. Ордена Ленина алюминиевый завод. Центр. лаборатория
210 _a[Ленинград]
_cГлавалюминий-ВАМИ
_d1945
215 _a[2], 24 с.
_d18 см
320 _aБиблиогр.: "Список литературы" (с. 14)
517 0 0 _aТермический способ обогащения каолинов
517 0 0 _aНовый способ выплавки силумина
700 1 _aКовшиков
_bП.К.
801 0 _aRU
_bNLR
_gpsbo
801 1 _aRU
_bELAR
_2rusmarc
852 _aNLR
_jТ30 Г-4/139
942 _cBOOK
945 _aРоссийская национальная библиотека
980 _aNB
980 _aBV